Princíp Brassovej relačnej metódy

Veková závislosť úmrtnosti jednoduchou analytickou funkciou. Modelovanie zmien úmrtnosti podľa Williama Brassa, ku ktorým dochádza v čase. Opisovanie zmien v čase vzhľadom (v relácii) k nejakému štandardu.

Gespeichert in:
Bibliographische Detailangaben
1. Verfasser: Sivašová, Daniela, 1955-
Format: Buchkapitel
Sprache:Slowakisch
Schlagworte:
Tags: Tag hinzufügen
Keine Tags, Fügen Sie das erste Tag hinzu!

MARC

LEADER 00000naa$a2200000$$$4500
001 0195661
005 20240502073303.2
041 0 |a slo 
044 |a SK 
245 1 0 |a Princíp Brassovej relačnej metódy  |c Daniela Sivašová 
520 |a Veková závislosť úmrtnosti jednoduchou analytickou funkciou. Modelovanie zmien úmrtnosti podľa Williama Brassa, ku ktorým dochádza v čase. Opisovanie zmien v čase vzhľadom (v relácii) k nejakému štandardu. 
610 2 0 |a demografia 
610 2 0 |a úbytok obyvateľstva 
610 2 0 |a ukazovatele demografické 
610 2 0 |a skupiny vekové 
610 2 0 |a úmrtnosť 
610 2 0 |a metódy matematicko-štatistické 
100 1 |a Sivašová, Daniela, 1955-